000 01483nam a2200325Ia 4500
001 ebr10267559
003 CaPaEBR
006 m u
007 cr cn|||||||||
008 960313m2008 dcua sb 000 0 eng d
010 _z 95073151
020 _z0309054788
020 _z0309128447
020 _z9780309128445
040 _aCaPaEBR
_cCaPaEBR
035 _a(OCoLC)309904310
050 1 4 _aTL1530
_b.S665 2008eb
082 0 4 _a629.47/7
_221
245 0 0 _aSpacecraft maximum allowable concentrations for selected airborne contaminants.
_nVolume 5
_h[electronic resource] /
_cCommittee on Spacecraft Exposure Guidelines, Committee on Toxicology, Board on Environmental Studies and Toxicology, Commission on Life Sciences, National Research Council.
260 _aWashington, D.C. :
_bNational Academy Press,
_cc2008.
300 _axix, 386 p. :
_bill.
504 _aIncludes bibliographical references.
533 _aElectronic reproduction.
_bPalo Alto, Calif. :
_cebrary,
_d2013.
_nAvailable via World Wide Web.
_nAccess may be limited to ebrary affiliated libraries.
650 0 _aSpace cabin atmospheres.
650 0 _aLife support systems (Space environment)
655 7 _aElectronic books.
_2local
710 2 _aNational Research Council (U.S.).
_bCommittee on Spacecraft Exposure Guidelines.
710 2 _aebrary, Inc.
856 4 0 _uhttp://site.ebrary.com/lib/rucke/Doc?id=10267559
_zAn electronic book accessible through the World Wide Web; click to view
999 _c23637
_d23637